[Event "Kaluga Tsiolkovsky Memorial op"]
[Site "Kaluga"]
[Date "2016.08.14"]
[Round "8"]
[White "Skripchenko, Artem"]
[Black "Belov, Vitaly"]
[Result "1-0"]
[WhiteElo "1809"]
[BlackElo "1655"]
[PlyCount "77"]
[EventDate "2016.08.06"]
[EventType "swiss"]
[EventRounds "9"]
[EventCountry "RUS"]
[SourceTitle "CBM 174 Extra"]
[Source "ChessBase"]
[SourceDate "2016.10.10"]
[SourceVersion "1"]
[SourceVersionDate "2016.10.10"]
[SourceQuality "1"]

1. e4 e6 2. d3 d5 3. Nd2 c5 4. Ngf3 Nc6 5. g3 Bd6 6. Bg2 Nge7 7. 0-0 0-0 8. Re1 d4 9. Nf1 e5 10. Nh4 Ng6 11. Nxg6 fxg6 12. Nd2 Qf6 13. Rf1 Be6 14. a3 b5 15. h3 Rac8 16. Qf3 c4 17. Qxf6 Rxf6 18. Nf3 h6 19. Bd2 Rcf8 20. Nxe5 Bxe5 21. f4 Bc7 22. e5 Nxe5 23. fxe5 Bxe5 24. g4 Rxf1+ 25. Rxf1 Rxf1+ 26. Kxf1 cxd3 27. cxd3 Bd7 28. Bd5+ Kf8 29. Bb4+ Ke8 30. Bc5 a5 31. Kf2 g5 32. Kf3 g6 33. Ke4 Bf6 34. Bxd4 Bxd4 35. Kxd4 h5 36. Bf3 Ke7 37. Kc5 a4 38. Bc6 hxg4 39. Bxd7 1-0